Spider-Man Trilogy Characters by Picture - Statistics

General Stats
  • This quiz has been taken 62 times
  • The average score is 9 of 10
Answer Stats
Picture Answer % Correct
Spider-Man
100%
Aunt May
93%
Green Goblin
93%
Mary Jane Watson
93%
Sandman
93%
Venom
91%
Doctor Octopus
89%
New Goblin
89%
Uncle Ben
89%
J. Jonah Jameson
80%
No matching quizzes found
Score Distribution
Percent of People with Each Score
Percentile by Number Answered
Your Score History
You have not taken this quiz